000
00302nam a2200121 a 4500
008
100923s1965|||| d
100
1
_a
Fiš, Teodor
245
1
0
_a
Dukelské noci
260
_b
Vydavateľstvo politickej literatúry
_a
Bratislava
_c
1965
020
_c
10
044
_a
xo
_c
SK
041
_a
slo
999
_c
10642
_d
10642